| 000 | 00818nam a2200217Ia 4500 | ||
|---|---|---|---|
| 005 | 20241129105930.0 | ||
| 008 | 241129s9999||||xx |||||||||||||| ||und|| | ||
| 020 | _a978-93-89243-49-9 | ||
| 037 | _aTB | ||
| 040 |
_aARTS _bhin _cARTS |
||
| 041 |
_ahin _2hin |
||
| 084 |
_aO152,3:g(P) L4;Q9 _qARTS |
||
| 100 |
_aलक्ष्मीनारायण लाल, ले. _9623934 |
||
| 245 | 0 |
_aहिन्दी कहानियों की शिल्प - विधि का विकास _cलक्ष्मीनारायण लाल, ले. |
|
| 260 |
_aइलाहाबाद, भारत _bलोकी प्रकाशन _c2019 |
||
| 300 | _a266पृ0 | ||
| 365 |
_aINR _b400 |
||
| 650 | _aHindi Fiction | ||
| 942 |
_cTB _hO152,3:g(P) L4;Q9 |
||
| 999 |
_c1226645 _d1226645 |
||